000 00487nam a2200133Ia 4500
008 160209s9999 xx 000 0 und d
100 _aStallwitz, A.
245 4 _aThe role of community mindedness in the self-regulation of drug cultures : a case study from the Shetland Islands /
245 _cA. Stallwitz,.
260 _bSpringer Science+Business Media.
260 _c2012
650 _xSelf-regulation.
856 _uhttp://www.oapen.org/search?identifier=418016;keyword=psychology
999 _c290500
_d290500